EPIC: The Musical - Lyrics Sort #35 - Six Hundred Strike - Statistics

General Stats
  • This quiz has been taken 91 times
  • The average score is 24 of 43
Answer Stats
Hint Answer % Correct
Line 1 Six hundred men (six hundred) [1]
89%
Line 2 Six hundred men (six hundred) [2]
89%
Line 3 Six hundred men (six hundred) [3]
89%
Line 4 Six hundred men (six hundred) [4]
81%
Line 10 Almost all of whom were slaughtered by your hand
58%
Line 8 And I will get back to my wife
58%
Line 7 Cause I will get back to my son
58%
Line 9 For every comrade, every one of my friends
58%
Line 6 I can't afford to die
58%
Line 11 Six hundred strike
58%
Line 16 You idiot, can't you see?
58%
Line 19 Blocked your one way home
56%
Line 23 Exactly
56%
Line 25 How does it feel to be helpless?
56%
Line 26 How does it feel to know pain?
56%
Line 5 I don't think you seem to get it
56%
Line 27 I watched my friends die in horror
56%
Line 20 Now you'll never get back
56%
Line 22 Or what? You can't kill me
56%
Line 12 Six hundred men (six hundred) [5]
56%
Line 13 Six hundred men (six hundred) [6]
56%
Line 14 Six hundred men (six hundred) [7]
56%
Line 24 Wait, wait, ah!
56%
Line 21 You're going to call off that storm
56%
Line 18 You released my storm when you opened that bag
56%
Line 15 Six hundred, six hundred men
53%
Line 17 You sealed your fate just to beat me
53%
Line 30 Calling their captain in vain
50%
Line 28 Crying as they were all slain
50%
Line 42 How will you sleep at night?
50%
Line 29 I heard their final moments
50%
Line 32 Look what we've become
50%
Line 43 Next to my wife
50%
Line 41 After everything you've done
47%
Line 31 Look what you turned me into
47%
Line 38 (You) you said the world was dark (monster)
47%
Line 34 All of the pain that I've been through (stop!)
44%
Line 39 Didn't you say that ruthlessness is mercy upon our-
44%
Line 37 Told me to close my heart
44%
Line 40 Alright, please
42%
Line 35 Haven't I suffered enough? Stop!
39%
Line 36 You didn't stop when I begged you
39%
Line 33 Enough
36%
No matching quizzes found
Score Distribution
Percent of People with Each Score
Percentile by Number Answered
Your Score History
You have not taken this quiz